• 首页
  • 本馆介绍
  • 公告通知
  • 最新文献
  • 馆藏检索
  • 电子资源
  • 读者导购
  • 参考咨询
  • 我的图书馆
  • 登录
  • 详细信息显示
  • 放入我的书架
  • 预约/预借图书
  • 作者相关作品
  • 分类相关作品
  • 丛书相关作品
  • 出版社相关作品

书目信息

  • 表格格式
  • 工作单格式
  • 卡片格式
题名:
体系改组与规范重建
    
 
作者: 杨洁勉 著
分册:  
出版信息: 上海   上海人民出版社  2012
页数: 338页
开本: 23cm
丛书名:
单 册:
中图分类: D815 , D820
科图分类:
主题词: 全球问题--研究 , 对外政策--研究--中国 , 全球问题 , 对外政策
电子资源:
ISBN: 978-7-208-10622-2
000 01332nam0 2200289 450
001 524
005 20140905101403.50
010    @a978-7-208-10622-2@dCNY48.00
100    @a20120810d2012 em y0chiy50 ea
101 0  @achi
102    @aCN@b310000
105    @ay z 000yy
106    @ar
200 1  @a体系改组与规范重建@ATi Xi Gai Zu Yu Gui Fan Zhong Jian@e中国参与解决全球性问题对策研究@EZhong Guo Can Yu Jie Jue Quan Qiu Xing Wen Ti Dui Ce Yan Jiu@f杨洁勉等著@FYang Jie Mian Deng Zhu
210    @a上海@c上海人民出版社@d2012
215    @a338页@d23cm
330    @a本书梳理了全球性问题给当今世界、新兴大国,以及中国带来的挑战,回顾整理了全球治理的理论、规范与范式,从全球安全、经济、能源安全与气候变化、极端主义等国际体系转型和规范重组过程中出现的关键而深刻的诸问题出发,针对性地提出了中国作为新兴大国中重要一员的对策,提出中国在参与解决全球性问题的进程中,要在自我定位和他者定位、建章立制、理论创新、战略运筹和政策规划方面做出更大的努力。
517 1  @a中国参与解决全球性问题对策研究@AZhong Guo Can Yu Jie Jue Quan Qiu Xing Wen Ti Dui Ce Yan Jiu
606 0  @a全球问题@x研究
606 0  @a对外政策@x研究@y中国
606 0  @a全球问题
606 0  @a对外政策
690    @aD815@v5
690    @aD820@v5
701  0 @a杨洁勉@AYang Jie Mian@f(1951~)@4著
801  0 @aCN@bTANGWEI@c20140603
905    @b0838444-46@dD815@e109@f3
    
    体系改组与规范重建:中国参与解决全球性问题对策研究/杨洁勉等著.-上海:上海人民出版社,2012
    338页;23cm
    
    
    ISBN 978-7-208-10622-2:CNY48.00
    本书梳理了全球性问题给当今世界、新兴大国,以及中国带来的挑战,回顾整理了全球治理的理论、规范与范式,从全球安全、经济、能源安全与气候变化、极端主义等国际体系转型和规范重组过程中出现的关键而深刻的诸问题出发,针对性地提出了中国作为新兴大国中重要一员的对策,提出中国在参与解决全球性问题的进程中,要在自我定位和他者定位、建章立制、理论创新、战略运筹和政策规划方面做出更大的努力。
●
相关链接 在E读中查询图书 在五车中查询图书 在当当中查询图书 在豆瓣中查询图书


正题名:体系改组与规范重建     索取号:D815/109         预约/预借

序号 登录号 条形码 馆藏地/架位号 状态 备注
1 0838444   208384443   第一样本阅览室/ [索取号:D815/109] 在馆    
2 0838445   208384452   密集书库-史法系/ [索取号:D815/109] 在馆    
3 0838446   208384461   第一借阅区/ [索取号:D815/109] 在馆    
唐山师范学院图书馆 欢迎您!
大连网信软件有限公司© 版权所有